01424cam a2200373 a 4500952015500000999001700155001000900172003000400181005001700185008004100202010001700243020001500260020001800275025002700293037006300320040001400383042001000397043001200407050002600419082002200445100004400467245005500511246003500566260004600601300002600647504005600673520005400729650005000783650005200833650003400885650003600919906004500955942005001000 00102ddc40708SOCIAL SCIENCEaMESbMEScSOCIAL SCIENCEd2019-02-20g625.00l0o305.489654 PAD/Sp32636r2019-02-20 00:00:00w2019-02-20yBKzGL41R1 c36947d3694714186711OSt20191231144101.0051202s2006 ii a b 000 0 eng  a 2005389609 a8186771980 a9788186771983 aI-E-2005-389609; 69-30 bLibrary of Congress -- New Delhi Overseas OfficecRs625.00 aDLCcoclc alcode aa-ii---00aHQ1058.5.I5bP33 2006 a305.489654bPAD/S aPadmanabhan, Kq(Kochappi),d1944-998410aSocio-Economic Status of Widows /cK. Padmanabhan.3 aSocioeconomic status of widows aNew Delhi :bSerials Publications,c2006. a239 pbill. ;c22 cm. aIncludes bibliographical references (p. [237]-239). aStudy of Mudaliar community of Tamil Nadu, India. 0aWidowszIndiazTamil NaduxSocial conditions. 0aWidowszIndiazTamil NaduxEconomic conditions. 0aMudaliarsxSocial conditions. 0aMudaliarsxEconomic conditions. a7bcbccorigoded3encipf20gy-gencatlg 2ddccBKh305.489654iPAD/Sk305.489654mPAD/S